| 000 | 00457nam a2200181Ia 4500 | ||
|---|---|---|---|
| 003 | GCL | ||
| 008 | 140319s9999 xx 000 0 ara d | ||
| 040 |
_aGCL / _cGCL |
||
| 082 | 0 | 4 |
_a133.9 _bف ر |
| 100 | 1 | _aفؤاد صروف | |
| 245 | 1 | 0 |
_aرسائل الارواح / _cفؤاد صروف |
| 300 | _a240 ص | ||
| 490 | _a | ||
| 650 | 0 | 4 | _aالارواح |
| 650 | 0 | 4 | _aالروحانيات |
| 650 | 0 | 4 | _aالظواهر النفسية |
| 942 |
_2ddc _cBK |
||
| 999 |
_c48342 _d48342 |
||